Online katalóg knižníc regiónu Turca

Zvrácené království / (Record no. 20647)

MARC details
000 -LEADER
fixed length control field 01717nam a2200457 i 4500
001 - CONTROL NUMBER
control field 20647
003 - CONTROL NUMBER IDENTIFIER
control field CZ PrNK
005 - DATE AND TIME OF LATEST TRANSACTION
control field 20260128143913.0
007 - PHYSICAL DESCRIPTION FIXED FIELD--GENERAL INFORMATION
fixed length control field ta
008 - FIXED-LENGTH DATA ELEMENTS--GENERAL INFORMATION
fixed length control field 231023s2023 xr e 000 f cze
015 ## - NATIONAL BIBLIOGRAPHY NUMBER
National bibliography number cnb003396328
020 ## - INTERNATIONAL STANDARD BOOK NUMBER
International Standard Book Number 9788027704705
Qualifying information (brožováno)
035 ## - SYSTEM CONTROL NUMBER
System control number (OCoLC)1420607639
040 ## - CATALOGING SOURCE
Original cataloging agency ABG001
Language of cataloging cze
Modifying agency ABA001
Description conventions rda
041 1# - LANGUAGE CODE
Language code of text/sound track or separate title cze
Language code of original eng
072 #7 - SUBJECT CATEGORY CODE
Subject category code 821.111-3
Subject category code subdivision Anglická próza, anglicky psaná
Source Konspekt
080 ## - UNIVERSAL DECIMAL CLASSIFICATION NUMBER
Universal Decimal Classification number 821.111-31
Edition identifier MRF
080 ## - UNIVERSAL DECIMAL CLASSIFICATION NUMBER
Universal Decimal Classification number (0:82-993)
Edition identifier MRF
100 1# - MAIN ENTRY--PERSONAL NAME
Personal name Kent, Rina,
Dates associated with a name 1991-
Relationship aut
240 10 - UNIFORM TITLE
Uniform title Twisted kingdom.
Language of a work Česky
245 10 - TITLE STATEMENT
Title Zvrácené království /
Statement of responsibility, etc. Rina Kent ; přeložila Šárka Králíková
264 #1 - PRODUCTION, PUBLICATION, DISTRIBUTION, MANUFACTURE, AND COPYRIGHT NOTICE
Place of production, publication, distribution, manufacture Praha :
Name of producer, publisher, distributor, manufacturer Dobrovský s.r.o.,
Date of production, publication, distribution, manufacture, or copyright notice 2023
300 ## - PHYSICAL DESCRIPTION
Extent 312 stran ;
Dimensions 20 cm
336 ## - CONTENT TYPE
Content type term text
Content type code txt
Source rdacontent
337 ## - MEDIA TYPE
Media type term bez média
Media type code n
Source rdamedia
338 ## - CARRIER TYPE
Carrier type term svazek
Carrier type code nc
Source rdacarrier
490 1# - SERIES STATEMENT
Series statement Red
500 ## - GENERAL NOTE
General note Přeloženo z angličtiny
520 2# - SUMMARY, ETC.
Summary, etc. Pokračování temné erotické romance o středoškolském tyranovi.
Expansion of summary note Zvrácené království je třetím dílem série Royal Elite - temné romance o středoškolském tyranovi. Aiden není žádný kladný hrdina, ale pořádný padouch. I když pro Elsu by zbořil celý svět. V tomto díle se odkrývá temná a šokující minulost hlavních postav.
653 0# - INDEX TERM--UNCONTROLLED
Uncontrolled term literatura new adult
655 #7 - INDEX TERM--GENRE/FORM
Genre/form data or focus term anglické romány
Source of term czenas
655 #7 - INDEX TERM--GENRE/FORM
Genre/form data or focus term erotické romány
Source of term czenas
655 #9 - INDEX TERM--GENRE/FORM
Genre/form data or focus term English fiction
Source of term eczenas
655 #9 - INDEX TERM--GENRE/FORM
Genre/form data or focus term erotic novels
Source of term eczenas
700 1# - ADDED ENTRY--PERSONAL NAME
Personal name Králíková, Šárka
Relationship trl
787 08 - OTHER RELATIONSHIP ENTRY
Relationship information Z cyklu:
Title Royal elite
Related parts 3
830 #0 - SERIES ADDED ENTRY--UNIFORM TITLE
Uniform title Red
901 ## - LOCAL DATA ELEMENT A, LDA (RLIN)
b 9788027704705
f [1. vydání]
o 20240117
910 ## - USER-OPTION DATA (OCLC)
User-option data ABA001
942 ## - ADDED ENTRY ELEMENTS (KOHA)
Source of classification or shelving scheme Dewey Decimal Classification
Koha item type Krásna literatúra pre dospelých
Suppress in OPAC No
Holdings
Stav vyradenia Strata Poškodenie Spôsob nadobudnutia Domovská knižnica Aktuálna knižnica Dátum nadobudnutia Total checkouts Total renewals Čiarový kód exemplára Date due Date last seen Date last checked out Typ exemplára
      Dar Obecná knižnica Belá-Dulice Obecná knižnica Belá-Dulice 28.01.2026 2 1 4735903357 06.03.2026 04.02.2026 04.02.2026 Krásna literatúra pre dospelých
Projekt je podporený Slovenskou asociáciou knižníc
Prevádzkuje Turčianska knižnica Martin 2026